000 01287nam a2200337 i 4500
003 EG-GICUC
005 20260121101538.0
008 251226s1983 ua d|||fr|||| 000 0 ara d
017 _a83/5441
020 _a977-04-0085-8
040 _a EG-GICUC
_bara
_c EG-GICUC
_d EG-GICUC
_erda
041 0 _aara
082 0 4 _221
_a345.46
_bأ ن . ت
092 0 4 _221
099 _aLaw1 07 345.46 أ ن . ت 1983
100 0 _aأنور أحمد رسلان
_eمؤلف.
245 1 0 _aتقارير الكفاية :
_bدراسة مقارنة لنظام تقارير أداء الموظفين العموميين /
_cالدكتور أنور أحمد رسلان.
264 _aالقاهرة :
_bدار النهضة العربية،
_c1983.
300 _a230 صفحة ؛
_c24 سم.
_bإيضاحيات، صور، مثيليات ؛
336 _2rda content
_atext
337 _2rda media
_aComputer
338 _2rda carrier
_aOnline Resource
504 _a. 240-220 ببليوجرافيا: صفحات.
546 _aالنص باللغة العربية
650 1 4 _aتقارير الكفاية
_2qrmak
650 1 4 _aالقانون الإداري
_2qrmak
651 1 _2qrmak
856 4 0 _uhttps://fll.law.cu.edu.eg/fulltext/bks/B07-01538.pdf
905 _a79
942 _2ddc
_cBK
_e21
_n0
999 _c52545
_d52545